Sports Quiz

Random Sports or MLB Quiz

MLB Last 5-WAR Player at Each Position by Team Quiz Stats

Quiz not verified by Sporcle

Challenge
Share
Tweet
QUIZ GUIDE: (1) WAR rounded up from 4.5. (2) Players required to play 50% of their games at their position. (3) Pitchers required to start 50% of their games. (4) Tick marks (') next to a position indicate multiple players. (5) If a team does not have a 5-WAR player at a position, the player with the next-highest WAR is listed. This will be indicated by an asterisk (*) next to the position.
Score 0/300 Timer 20:00
0 Plays Today
Hint Answer % Correct
AngelsAlbert Pujols
98.3%
CardinalsAlbert Pujols
98.3%
AngelsMike Trout
97.2%
BravesChipper Jones
96.7%
MarinersRobinson Cano
96.1%
OriolesAdam Jones
96.1%
YankeesRobinson Cano
96.1%
DiamondbacksLuis Gonzalez
95.6%
MarinersAlex Rodriguez
95.6%
MarlinsIvan Rodriguez
95.6%
NationalsGio Gonzalez
95.6%
PadresAdrian Gonzalez
95.6%
RangersJuan Gonzalez
95.6%
Red SoxAdrian Gonzalez
95.6%
RockiesCarlos Gonzalez
95.6%
YankeesAlex Rodriguez
95.6%
MarlinsMiguel Cabrera
95%
TigersMiguel Cabrera
95%
TigersMiguel Cabrera
95%
CardinalsCarlos Martinez
94.4%
GiantsMelky Cabrera
94.4%
IndiansVictor Martinez
94.4%
OriolesChris Davis
94.4%
TigersJ.D. Martinez
94.4%
GiantsBuster Posey
93.9%
MetsMike Piazza
93.9%
PhilliesChase Utley
93.9%
RangersElvis Andrus
93.9%
AstrosJose Altuve
93.3%
BrewersPrince Fielder
93.3%
BrewersAramis Ramirez
93.3%
CardinalsYadier Molina
93.3%
IndiansCliff Lee
93.3%
MarlinsDerrek Lee
93.3%
MarlinsHanley Ramirez
93.3%
MetsDavid Wright
93.3%
PhilliesRyan Howard
93.3%
RedsJoey Votto
93.3%
TwinsJoe Mauer
93.3%
White SoxAlexei Ramirez
93.3%
Blue JaysReed Johnson
92.8%
DodgersZack Greinke
92.8%
DodgersRussell Martin
92.8%
MetsJose Reyes
92.8%
NationalsNick Johnson
92.8%
PiratesRussell Martin
92.8%
RangersLeonys Martin
92.8%
RoyalsZack Greinke
92.8%
AthleticsJosh Donaldson
92.2%
Blue JaysJosh Donaldson
92.2%
PhilliesJimmy Rollins
92.2%
PiratesAndrew McCutchen
92.2%
RangersMark Teixeira
92.2%
YankeesMark Teixeira
92.2%
YankeesJorge Posada
92.2%
DiamondbacksPaul Goldschmidt
91.7%
GiantsBrandon Crawford
91.7%
MetsCurtis Granderson
91.7%
RaysCarl Crawford
91.7%
RedsBrandon Phillips
91.7%
Red SoxDustin Pedroia
91.7%
RockiesTodd Helton
91.7%
RockiesTroy Tulowitzki
91.7%
YankeesCurtis Granderson
91.7%
Blue JaysCarlos Delgado
91.1%
CubsKris Bryant
91.1%
CubsJon Lester
91.1%
DiamondbacksRobbie Ray
91.1%
White SoxJose Abreu
91.1%
YankeesDerek Jeter
91.1%
BravesFreddie Freeman
90.6%
RangersAdrian Beltre
90.6%
Red SoxChris Sale
90.6%
Red SoxAdrian Beltre
90.6%
BravesBrian McCann
90%
CubsAnthony Rizzo
90%
CubsBilly Williams
90%
DiamondbacksMatt Williams
90%
DodgersClayton Kershaw
90%
MarinersFelix Hernandez
90%
OriolesManny Machado
90%
TwinsJustin Morneau
90%
MetsJohan Santana
89.4%
TwinsJohan Santana
89.4%
AstrosLance Berkman
88.9%
AstrosLance Berkman
88.9%
MarlinsDee Gordon
88.9%
NationalsBryce Harper
88.9%
PhilliesCole Hamels
88.9%
RangersCole Hamels
88.9%
RaysEvan Longoria
88.9%
Red SoxMookie Betts
88.9%
RoyalsAlex Gordon
88.9%
RangersIan Kinsler
88.3%
RoyalsLorenzo Cain
88.3%
TigersIan Kinsler
88.3%
BrewersRyan Braun
87.8%
BrewersCC Sabathia
87.8%
CardinalsScott Rolen
87.8%
GiantsJohnny Cueto
87.8%
Hint Answer % Correct
MarlinsGiancarlo Stanton
87.8%
OriolesMiguel Tejada
87.8%
PhilliesScott Rolen
87.8%
RaysDavid Price
87.8%
RedsJohnny Cueto
87.8%
YankeesCC Sabathia
87.8%
NationalsGary Carter
87.2%
PhilliesRoy Halladay
87.2%
RaysCarlos Pena
87.2%
RockiesNolan Arenado
87.2%
AstrosCarlos Correa
86.7%
Blue JaysJose Bautista
86.7%
DodgersCorey Seager
86.7%
GiantsMadison Bumgarner
86.7%
MarinersKyle Seager
86.7%
TigersJustin Verlander/ Michael Fulmer
86.1%
AngelsTorii Hunter
85.6%
TwinsBrian Dozier
85.6%
AngelsJered Weaver
85%
IndiansJim Thome
85%
OriolesJonathan Schoop
85%
PhilliesCarlos Ruiz
85%
RaysBen Zobrist
85%
AngelsGarret Anderson
84.4%
MarinersDan Wilson
84.4%
PiratesJack Wilson
84.4%
BrewersJonathan Lucroy
83.9%
MetsJacob deGrom
83.9%
OriolesMatt Wieters
83.9%
White SoxCarlton Fisk
83.9%
NationalsMax Scherzer/ Stephen Strasburg
83.3%
Red SoxJackie Bradley Jr.
83.3%
AstrosDallas Keuchel
82.8%
CubsErnie Banks
82.2%
CubsSammy Sosa
82.2%
DodgersMatt Kemp
82.2%
NationalsDaniel Murphy
82.2%
PadresChase Headley
82.2%
RedsZack Cozart
82.2%
Red SoxXander Bogaerts
82.2%
CardinalsMatt Carpenter
81.7%
IndiansCorey Kluber/ Carlos Carrasco
81.7%
CardinalsJim Edmonds
81.1%
IndiansFrancisco Lindor
81.1%
White SoxJose Quintana/ Chris Sale
80.6%
BravesJason Heyward
80%
CardinalsJason Heyward
80%
PadresJake Peavy
80%
RangersJosh Hamilton
80%
Red SoxRick Porcello
80%
White SoxJake Peavy
80%
AthleticsMark Mulder/ Barry Zito
79.4%
BravesAndrelton Simmons
79.4%
BrewersCarlos Gomez
79.4%
DodgersYasiel Puig
79.4%
GiantsJeff Kent
79.4%
IndiansGrady Sizemore
79.4%
MarinersNelson Cruz
79.4%
PiratesStarling Marte
79.4%
Blue JaysAaron Hill
78.3%
RedsKen Griffey Jr.
78.3%
PhilliesJayson Werth
77.8%
RockiesLarry Walker
77.8%
RoyalsMike Sweeney
77.8%
AstrosJason Castro
77.2%
CubsKyle Hendricks
77.2%
IndiansJason Kipnis
77.2%
PhilliesShane Victorino
77.2%
RaysJames Shields
77.2%
AstrosGeorge Springer
76.7%
CardinalsTommy Pham
76.7%
PiratesGerrit Cole
76.7%
RedsTodd Frazier
76.7%
TigersAustin Jackson
76.7%
RedsJay Bruce
76.1%
BravesTom Glavine
75.6%
AngelsHowie Kendrick
75%
AthleticsRickey Henderson
75%
BrewersBen Sheets
75%
AngelsAndrelton Simmons
74.4%
AngelsChone Figgins
74.4%
DiamondbacksZack Greinke
74.4%
PhilliesPat Burrell
74.4%
YankeesAaron Judge
74.4%
AthleticsSonny Gray
73.9%
IndiansMichael Brantley
73.9%
PadresOzzie Smith
73.9%
CardinalsJhonny Peralta
72.8%
DodgersJustin Turner
72.8%
DiamondbacksMiguel Montero
72.2%
BravesJulio Teheran
71.7%
OriolesNick Markakis
71.7%
YankeesLuis Severino
71.7%
DiamondbacksA.J. Pollock
71.1%
MarinersJohn Olerud
71.1%
MarlinsMarcell Ozuna
71.1%
MetsJohn Olerud
71.1%
NationalsAnthony Rendon
71.1%
AstrosMorgan Ensberg
70.6%
PiratesKevin Young
70%
Hint Answer % Correct
Red SoxJason Bay
70%
RockiesCharlie Blackmon
70%
RoyalsJermaine Dye
69.4%
YankeesBrett Gardner
68.9%
RedsAdam Dunn
68.3%
TigersAlex Avila
68.3%
RockiesDJ LeMahieu
67.8%
RaysToby Hall
67.2%
Blue JaysMarcus Stroman
66.7%
BrewersJ.J. Hardy
66.1%
DiamondbacksStephen Drew
66.1%
MarlinsMarcell Ozuna
66.1%
MetsEdgardo Alfonzo
65.6%
MarlinsDontrelle Willis
65%
RangersAndrew Cashner
65%
PiratesDave Parker
64.4%
NationalsAlfonso Soriano
63.9%
PadresTerry Kennedy
63.9%
DodgersSteve Sax
63.3%
RockiesJoe Kennedy
63.3%
GiantsAubrey Huff
62.8%
RaysKevin Kiermaier
62.8%
RaysJason Bartlett
62.8%
TwinsJason Bartlett
62.8%
RedsDevin Mesoraco
62.2%
AthleticsJosh Reddick
61.7%
White SoxAvisail Garcia
61.7%
White SoxAdam Eaton
61.1%
Blue JaysKevin Pillar
60.6%
PadresBrian Giles
60.6%
IndiansJose Ramirez
60%
DodgersGary Sheffield
58.9%
DiamondbacksJean Segura
58.3%
MarinersRaul Ibanez
57.2%
BrewersCorey Hart
56.7%
MarlinsHenderson Alvarez
56.7%
AstrosGeorge Springer
56.1%
PadresGreg Vaughn
55.6%
RangersMike Napoli
55.6%
PiratesJosh Harrison
55%
TwinsBrad Radke
55%
White SoxJoe Crede
55%
Blue JaysYunel Escobar
54.4%
PiratesOliver Perez
53.9%
BrewersPaul Molitor
53.3%
BravesMichael Bourn
52.2%
TigersCarlos Guillen
52.2%
AthleticsMark Ellis
51.7%
OriolesErik Bedard
51.1%
GiantsMatt Duffy
49.4%
CardinalsJohn Tudor
48.9%
CubsWelington Castillo
47.8%
AthleticsGene Tenace
47.2%
BravesMartin Prado
47.2%
BravesMartin Prado
47.2%
MetsJuan Lagares
46.7%
NationalsRondell White
46.1%
OriolesMelvin Mora
46.1%
RoyalsDarrell Porter
45.6%
TwinsByron Buxton
45.6%
CubsDarwin Barney
45%
MarinersFranklin Gutierrez
43.9%
White SoxCarlos Quentin
43.9%
NationalsCristian Guzman
43.3%
RaysLogan Forsythe
43.3%
Red SoxRich Gedman
42.8%
TigersJustin Upton
42.8%
PadresMark Loretta
42.2%
DodgersEddie Murray
41.7%
RockiesChris Iannetta
41.7%
IndiansShin-Soo Choo
41.1%
TwinsCorey Koskie
38.9%
MetsCliff Floyd
37.8%
AngelsBrian Downing
37.2%
AthleticsDaric Barton
36.7%
Blue JaysRicky Romero
36.7%
GiantsAndres Torres
36.7%
AstrosBrett Myers
35%
PiratesJohnny Ray
34.4%
RoyalsKevin Seitzer
33.9%
RoyalsDarrell May
33.3%
DiamondbacksEnder Inciarte
30%
PadresCameron Maybin
30%
TwinsTom Brunansky
30%
RockiesJhoulys Chacin
28.3%
AngelsJoe Saunders
26.1%
CubsLeon Durham
26.1%
Blue JaysGregg Zaun
25%
GiantsEllis Burks
22.2%
OriolesJeremy Guthrie
22.2%
TigersJustin Thompson
21.7%
AthleticsMark Kotsay
20%
PadresBruce Hurst
18.9%
AthleticsCliff Pennington
17.8%
TwinsLew Ford
14.4%
MarinersJohn Halama
12.8%
RoyalsMike Aviles
12.2%
RoyalsJose Offerman
10.6%
RedsJohn Smiley
10%
White SoxDon Buford
7.8%

You're not logged in!

Compare scores with friends on all Sporcle quizzes.
Sign Up with Email
OR
Log In

You Might Also Like...

Show Comments

Extras

Top Quizzes Today


Score Distribution

Your Account Isn't Verified!

In order to create a playlist on Sporcle, you need to verify the email address you used during registration. Go to your Sporcle Settings to finish the process.